AFL (Australian Football League) Number 1 Draft Picks - Statistics

General Stats
  • This quiz has been taken 55 times
    9 since last reset
  • The average score is 18 of 35
Answer Stats
Draft Selected By Recruited From Answer % Correct
2023 West Coast Eagles Bendigo Pioneers (Talent League VIC) Harley Reid
100%
2021 North Melbourne South Adelaide Panthers (SANFL) Jason Horne-Francis
100%
2022 Greater Western Sydney Giants Greater Western Victoria Rebels (NAB League VIC) Aaron Cadman
89%
2020 Western Bulldogs Oakleigh Chargers (NAB League VIC) Jamarra Ugle-Hagan
89%
2019 Gold Coast Suns Oakleigh Chargers (NAB League VIC) Matt Rowell
89%
2024 Richmond Tigers Greater Western Victoria Rebels (Talent League VIC) Sam Lalor
89%
2016 Essendon Bombers Sandringham Dragons (TAC CUP VIC) Andrew Mcgrath
78%
2000 St Kilda Saints Southport Sharks (QAFL) Nick Riewoldt
78%
2018 Carlton Blues Geelong Falcons (TAC CUP VIC) Sam Walsh
78%
2017 Brisbane Lions Western Jets (TAC CUP VIC) Cam Rayner
67%
2010 Gold Coast Suns East Fremantle Sharks (WAFL) David Swallow
67%
2008 Melbourne Demons Sandringham Dragons (TAC CUP VIC) Jack Watts
67%
2015 Carlton Blues Dandenong Stingrays (TAC CUP VIC) Jacob Weitering
67%
2001 Hawthorn Hawks Geelong Falcons (TAC CUP VIC) Luke Hodge
67%
2005 Carlton Blues Oakleigh Chargers (TAC CUP VIC) Marc Murphy
56%
2007 Carlton Blues Northern Knights (TAC CUP VIC) Matthew Kreuzer
56%
2004 Richmond Tigers Murray Bushrangers (TAC CUP VIC) Brett Deledio
44%
2006 Carlton Blues Glenelg Tigers (SANFL) Bryce Gibbs
44%
2013 Greater Western Sydney Giants Eastern Rangers (TAC CUP VIC) Tom Boyd
44%
2009 Melbourne Demons Dandenong Stingrays (TAC CUP VIC) Tom Scully
44%
2003 Western Bulldogs West Adelaide Bloods (SANFL) Adam Cooney
33%
2002 St Kilda Saints Gippsland Power (TAC CUP VIC) Brendon Goddard
33%
1995 Fremantle Dockers Port Adelaide Magpies (SANFL) Clive Waterhouse
33%
1998 Brisbane Lions Subiaco Lions (WAFL) Des Headland
33%
2011 Greater Western Sydney Giants Eastern Rangers (TAC CUP VIC) Jonathon Patton
33%
1999 Collingwood Magpies Murray Bushrangers (TAC CUP VIC) Josh Fraser
33%
2012 Greater Western Sydney Giants Dandenong Stingrays (TAC CUP VIC) Lachie Whitfield
33%
2014 St Kilda Saints Geelong Falcons (TAC CUP VIC) Paddy McCartin
33%
1993 Sydney Swans South Fremantle Bulldogs (WAFL) Darren Gaspar
22%
1992 West Coast Eagles Subiaco Lions (WAFL) Drew Banfield
22%
1994 Fremantle Dockers Dandenong Stingrays (TAC CUP VIC) Jeff White
22%
1996 West Coast Eagles Claremont Tigers (WAFL) Michael Gardiner
22%
1997 Melbourne Demons Dandenong Stingrays (TAC CUP VIC) Travis Johnstone
22%
1991 Brisabane Bears Claremont Tigers (WAFL) John Hutton
11%
1990 Geelong Cats East Perth Royals (WAFL) Stephen Hooper
11%
No matching quizzes found
Score Distribution
Percent of People with Each Score
Percentile by Number Answered
Your Score History
You have not taken this quiz since the last reset